Paroles - L'aventurier - Indochine - Statistiques

Statistiques générales
  • Ce quiz a été pris 325 fois
  • Le résultat moyen est 126 sur 185
Statistiques - réponses
Réponse % Correct
la
99%
À
98%
à
98%
a
98%
Le
97%
le
97%
Bob
96%
de
96%
Morane
92%
héros
91%
s'appelle
91%
dans
89%
recherche
89%
infernale
87%
vallée
87%
contre
86%
tout
86%
chacal
84%
guerrier
84%
L'aventurier
84%
Égaré
82%
jaune
80%
l'Ombre
80%
mister
80%
des
78%
les
78%
bandit
77%
tous
73%
au
71%
temps
70%
Jones
67%
crocodiles
66%
est
66%
Kali
65%
justesse
63%
du
62%
vrai
62%
Avec
61%
Et
61%
Sauvé
61%
vent
61%
En
60%
en
60%
terre
56%
l'ami
55%
Caraïbes
54%
face
54%
soudain
54%
surgit
54%
jungle
52%
On
52%
répondra
52%
Il
51%
collier
50%
Stop
50%
roi
49%
Bill
48%
trafic
48%
Sultan
47%
volé
47%
birmane
46%
lit
45%
démasqué
44%
solitaire
44%
Miss
43%
s'en
43%
L'ennemi
42%
Ballantine
41%
coeur
41%
toujours
40%
tendre
39%
Prisonnière
38%
Clark
37%
flibustiers
37%
Escale
36%
pleine
35%
Son
35%
sortira
35%
Tel
35%
terreur
35%
Emprisonnant
33%
Isolé
33%
l'opération
31%
l'Archipel
29%
Soleil
29%
bord
28%
Doc
28%
L'aventure
28%
Jarawak
26%
Samouraï
26%
parfum
25%
gang
23%
surnom
23%
Çiva
22%
démantelant
21%
Dérivant
21%
Maharadjah
21%
Manicouagan
20%
L'otage
19%
Sampang
19%
d'Ylalang
16%
Nadawieb
15%
Xhatan
14%
Aucun quiz correspondant
Distribution des résultats
% des personnes avec chaque résultat
Percentile par nombre de réponses
Votre historique - résultats
Vous n’avez pas pris ce quiz